LEADER 00744nam0-22002891i-450- 001 990008016890403321 005 20050303113527.0 010 $a88-8363-324-5 035 $a000801689 035 $aFED01000801689 035 $a(Aleph)000801689FED01 035 $a000801689 100 $a20050303d2002----km-y0itay50------ba 101 $aita 102 $aIT 105 $ay-------001yy 200 1 $aE-learning$fa cura di Tiziano Vescovi 210 $aMilano$cIl sole 24 ore$d2002 215 $aIX, 219 p.$d22 cm 701 1$aVescovi,$bTiziano$0118001 801 0$aIT$bUNINA$gRICA$2UNIMARC 901 $aBK 912 $a990008016890403321 952 $a1-6-500-TI$b8617$fECA 959 $aECA 996 $aE-learning$9754142 997 $aUNINA LEADER 01148nam--2200373---450- 001 990001075410203316 005 20050502121436.0 035 $a000107541 035 $aUSA01000107541 035 $a(ALEPH)000107541USA01 035 $a000107541 100 $a20020506d1984----km-y0itaa50------ba 101 0 $aita 102 $aIT 105 $aa---z---001yy 200 1 $aEpidemie dell'immaginario$etendenze del cinnema fantastico$fa cura di Fausto Galosi, Fabrizio Grosoli 210 $aAncona$cIl lavoro editoriale$dcopyr.1984 215 $a56 p.$cill.$d30 cm 606 0 $aFilm di fantascienza 606 0 $aFilm dell'orrore 676 $a791.43615 702 1$aGALOSI,$bFausto 702 1$aGROSOLI,$bFabrizio 801 0$aIT$bsalbc$gISBD 912 $a990001075410203316 951 $aXIII.2. 1457(XVI F 44)$b138755 L.M.$cXVI F$d00069745 959 $aBK 969 $aUMA 979 $aANGELA$b90$c20020506$lUSA01$h1749 979 $aANGELA$b90$c20020506$lUSA01$h1753 979 $aPATRY$b90$c20040406$lUSA01$h1714 979 $aCOPAT1$b90$c20050502$lUSA01$h1214 996 $aEpidemie dell'immaginario$9979189 997 $aUNISA